South Africa True or False? - Statistics

General Stats
  • This quiz has been taken 2,042 times
  • The average score is 9 of 15
Answer Stats
Question Answer % Correct
Charlize Theron is a world famous actress from South Africa True
84%
All the Presidents of South Africa have been from one party since 1994 True
83%
Former President Jacob Zuma is a polygamist True
78%
Nelson Mandela natively spoke Xhosa True
76%
Mahatma Gandhi lived in South Africa for about 9 years True
74%
Yoruba is one of South Africa's official languages False
67%
The universal language of Esperanto was invented by a South African False
65%
Cape Town is the oldest city in South Africa True
63%
Johannesburg is one of South Africa's capitals False
62%
If you sail from any South African coast eastward, you would reach Australia True
59%
South Africa is one of the countries that lay claim to Antarctica False
54%
Elon Musk has lived most of his life in South Africa False
54%
About 20% of South Africa's population is white False
46%
Cape of Good Hope is Africa's southernmost point False
43%
According to The Economist, South Africa is Africa's most democratic country False
38%
No matching quizzes found
Score Distribution
Percent of People with Each Score
Percentile by Number Answered
Your Score History
You have not taken this quiz